[Event "Bayern-chTT (LL Sued)"]
[Site "Bayern 2008/09"]
[Date "2009.01.18"]
[Round "5.8"]
[White "Silberman, Denis"]
[Black "Leckner, Thomas Dr"]
[Result "0-1"]
[WhiteElo "1807"]
[BlackElo "1759"]
[PlyCount "104"]
[EventDate "2009.03.??"]
[EventType "team-tourn"]
[EventRounds "9"]
[WhiteTeam "Haunstetten 1"]
[BlackTeam "Tegernsee 2"]

1. d4 d5 2. Nf3 Nf6 3. Bf4 e6 4. e3 c6 5. Nbd2 Bd6 6. Ne5 Qc7 7. Bd3 O-O 8. Qf3
c5 9. c3 c4 10. Bc2 Kh8 11. g4 Ne8 12. Qh3 g6 13. Ndf3 Rg8 14. Ng5 Rg7 15. Qg3
Kg8 16. Nh3 f6 17. Nf3 g5 18. Bxd6 Qxd6 19. Kd2 Qxg3 20. hxg3 f5 21. Ne5 Nc6
22. Nxc6 bxc6 23. gxf5 exf5 24. b3 Nd6 25. bxc4 Nxc4+ 26. Ke2 Nd6 27. Bd3 Ne4
28. Rhc1 h6 29. Rab1 f4 30. Bxe4 dxe4 31. Rh1 f3+ 32. Kd2 Rb7 33. Rxb7 Bxb7 34.
Rb1 Bc8 35. Ng1 g4 36. c4 Ba6 37. Kc3 Kf7 38. d5 Ke7 39. Rb4 cxd5 40. cxd5 Bd3
41. Rb7+ Kd6 42. Rh7 Rc8+ 43. Kb3 Kxd5 44. Rxh6 Rc1 45. Nxf3 gxf3 46. Rh5+ Ke6
47. a4 Rg1 48. Rh6+ Kf5 49. Rh7 a6 50. Rf7+ Kg4 51. Rf4+ Kh3 52. Rh4+ Kg2 0-1

[Event "Bayern-chTT (LL Sued)"]
[Site "Bayern 2008/09"]
[Date "2009.02.01"]
[Round "6.1"]
[White "Bromberger, Stefan"]
[Black "Straub, Juergen Dr"]
[Result "1-0"]
[WhiteElo "2462"]
[BlackElo "2187"]
[PlyCount "53"]
[EventDate "2009.03.??"]
[EventType "team-tourn"]
[EventRounds "9"]
[WhiteTeam "Tegernsee 2"]
[BlackTeam "Ingolstadt 1"]

1. e4 c5 2. Nf3 e6 3. d4 cxd4 4. Nxd4 Nc6 5. Nc3 d6 6. Be3 Nf6 7. Bc4 Be7 8.
Qe2 a6 9. O-O-O Qc7 10. Rhg1 Ne5 11. Bb3 Bd7 12. g4 h6 13. f4 Nc6 14. g5 Nxd4
15. Bxd4 hxg5 16. fxg5 Nh5 17. Rdf1 Qa5 18. h4 f6 19. Qg4 e5 20. Be6 Bc6 21.
Be3 Kd8 22. gxf6 Bxf6 23. Rf5 Nf4 24. Rxf6 gxf6 25. Qg7 Re8 26. Bf5 b5 27.
Qxf6+ 1-0

[Event "Bayern-chTT (LL Sued)"]
[Site "Bayern 2008/09"]
[Date "2009.02.01"]
[Round "6.2"]
[White "Gerstner, Bernhard"]
[Black "Pezerovic, Edin"]
[Result "0-1"]
[WhiteElo "2163"]
[BlackElo "2432"]
[PlyCount "78"]
[EventDate "2009.03.??"]
[EventType "team-tourn"]
[EventRounds "9"]
[WhiteTeam "Ingolstadt 1"]
[BlackTeam "Tegernsee 2"]

1. e4 c6 2. d4 d5 3. Nd2 dxe4 4. Nxe4 Nd7 5. Ng5 Ngf6 6. Bd3 e6 7. N1f3 Bd6 8.
Qe2 h6 9. Ne4 Nxe4 10. Qxe4 Nf6 11. Qe2 c5 12. Be3 Qc7 13. dxc5 Bxc5 14. Bxc5
Qxc5 15. Bb5+ Ke7 16. O-O-O a6 17. Bc4 b5 18. Bb3 a5 19. a4 bxa4 20. Bxa4 Bb7
21. Qe5 Rhc8 22. Rhe1 Bxf3 23. gxf3 Qxe5 24. Rxe5 Rc4 25. Bb5 Rh4 26. c4 Rxh2
27. Rd2 h5 28. c5 h4 29. f4 h3 30. f5 Rh1+ 31. Kc2 Rc8 32. f4 h2 33. Kb3 a4+
34. Kb4 a3 35. fxe6 fxe6 36. Bc4 Rb8+ 37. Ka5 axb2 38. Rxe6+ Kf8 39. Rb6 Ra1+
0-1

[Event "Bayern-chTT (LL Sued)"]
[Site "Bayern 2008/09"]
[Date "2009.02.01"]
[Round "6.3"]
[White "Taeger, Winfried"]
[Black "Wurzel, Andre"]
[Result "0-1"]
[WhiteElo "2232"]
[BlackElo "2150"]
[PlyCount "74"]
[EventDate "2009.03.??"]
[EventType "team-tourn"]
[EventRounds "9"]
[WhiteTeam "Tegernsee 2"]
[BlackTeam "Ingolstadt 1"]

1. e4 c5 2. Nf3 e6 3. Nc3 Nc6 4. d4 cxd4 5. Nxd4 Qc7 6. Be2 Nf6 7. Ndb5 Qb8 8.
Bg5 Be7 9. O-O a6 10. Nd4 O-O 11. Be3 d6 12. f4 Re8 13. Kh1 Bd7 14. Qe1 b5 15.
Bf3 Nxd4 16. Bxd4 e5 17. fxe5 dxe5 18. Be3 b4 19. Nd5 Nxd5 20. exd5 Bd6 21. Be4
Qc8 22. Rxf7 Kxf7 23. Qh4 Rh8 24. Bxh7 Rxh7 25. Qxh7 Qc4 26. Kg1 Rf8 27. Rf1+
Ke8 28. Qh5+ Kd8 29. Bb6+ Kc8 30. Rxf8+ Bxf8 31. Qxe5 Qxc2 32. Qd4 Bd6 33. Qxg7
Qd1+ 34. Kf2 Qd2+ 35. Kf3 Qxd5+ 36. Kf2 Qd2+ 37. Kf3 Bc6+ 0-1

[Event "Bayern-chTT (LL Sued)"]
[Site "Bayern 2008/09"]
[Date "2009.02.01"]
[Round "6.4"]
[White "Holl, Andreas(57)"]
[Black "Gnegel, Boris-Igor"]
[Result "1-0"]
[WhiteElo "2147"]
[BlackElo "2043"]
[PlyCount "91"]
[EventDate "2009.03.??"]
[EventType "team-tourn"]
[EventRounds "9"]
[WhiteTeam "Ingolstadt 1"]
[BlackTeam "Tegernsee 2"]

1. d4 Nf6 2. Nf3 g6 3. c4 c5 4. d5 b5 5. cxb5 a6 6. Nc3 Bg7 7. e4 axb5 8. e5
Ng4 9. Bf4 f6 10. exf6 Nxf6 11. Bxb5 O-O 12. O-O d6 13. Qd2 Bg4 14. Be2 Nh5 15.
Bh6 Qd7 16. Bxg7 Nxg7 17. Ng5 Bxe2 18. Qxe2 Rf5 19. f4 h6 20. Nge4 Na6 21. Qg4
Qe8 22. Rae1 Qf7 23. Ng3 Nb4 24. Nxf5 gxf5 25. Qh4 Nxd5 26. Nxd5 Qxd5 27. Rxe7
Qd4+ 28. Kh1 Rxa2 29. Qxh6 Rxb2 30. Qg6 Kh8 31. Rd7 Rb8 32. Qh6+ Kg8 33. Rxd6
Qf2 34. Rfd1 Re8 35. h3 Re1+ 36. Rxe1 Qxe1+ 37. Kh2 Qe7 38. Rc6 Qd7 39. Rxc5
Kf7 40. Re5 Qd2 41. Qg5 Qd6 42. h4 Qf6 43. Kh3 Ne6 44. Qxf6+ Kxf6 45. Rxe6+
Kxe6 46. g4 1-0

[Event "Bayern-chTT (LL Sued)"]
[Site "Bayern 2008/09"]
[Date "2009.02.01"]
[Round "6.5"]
[White "Lettl, Gerhard"]
[Black "Michaelis, Lothar"]
[Result "1/2-1/2"]
[WhiteElo "2020"]
[BlackElo "2130"]
[PlyCount "43"]
[EventDate "2009.03.??"]
[EventType "team-tourn"]
[EventRounds "9"]
[WhiteTeam "Tegernsee 2"]
[BlackTeam "Ingolstadt 1"]

1. e4 c5 2. c3 Nf6 3. e5 Nd5 4. Nf3 e6 5. d4 cxd4 6. cxd4 d6 7. Nc3 Nc6 8. Bd2
dxe5 9. dxe5 Be7 10. Be2 O-O 11. O-O Nxc3 12. Bxc3 b6 13. Qa4 Bb7 14. Rfd1 Qc7
15. Rac1 Rfd8 16. Rxd8+ Rxd8 17. Bd2 Qd7 18. Bb5 Rc8 19. Be3 a6 20. Be2 b5 21.
Qd1 Qxd1+ 22. Rxd1 1/2-1/2

[Event "Bayern-chTT (LL Sued)"]
[Site "Bayern 2008/09"]
[Date "2009.02.01"]
[Round "6.6"]
[White "Spiess, Martin"]
[Black "Billenkamp, Thomas"]
[Result "0-1"]
[WhiteElo "2103"]
[BlackElo "1971"]
[PlyCount "44"]
[EventDate "2009.03.??"]
[EventType "team-tourn"]
[EventRounds "9"]
[WhiteTeam "Ingolstadt 1"]
[BlackTeam "Tegernsee 2"]

1. e4 c5 2. Nf3 e6 3. d4 cxd4 4. Nxd4 Nf6 5. Nc3 Nc6 6. Nxc6 bxc6 7. e5 Nd5 8.
Ne4 Qc7 9. f4 Qa5+ 10. Bd2 Qb6 11. c4 Qd4 12. Qb1 Rb8 13. b3 f5 14. cxd5 fxe4
15. d6 e3 16. Ba5 Qc5 17. Bc7 Qc3+ 18. Ke2 Ba6+ 19. Kf3 e2+ 20. Kg4 exf1=Q 21.
Rxf1 Be2+ 22. Kh4 g5+ 0-1

[Event "Bayern-chTT (LL Sued)"]
[Site "Bayern 2008/09"]
[Date "2009.02.01"]
[Round "6.7"]
[White "Leckner, Thomas Dr"]
[Black "Sailer, Wolfgang"]
[Result "0-1"]
[WhiteElo "1759"]
[BlackElo "2051"]
[PlyCount "74"]
[EventDate "2009.03.??"]
[EventType "team-tourn"]
[EventRounds "9"]
[WhiteTeam "Tegernsee 2"]
[BlackTeam "Ingolstadt 1"]

1. d4 Nf6 2. Nc3 g6 3. e4 d6 4. f3 c6 5. Be3 b5 6. a3 Nbd7 7. Qd2 a6 8. g4 h6
9. h4 Rb8 10. Nge2 Nb6 11. b3 h5 12. g5 Nfd7 13. f4 c5 14. Ng3 Bg7 15. Rd1 Qc7
16. Bh3 O-O 17. O-O cxd4 18. Bxd4 e5 19. fxe5 Nxe5 20. Bxc8 Qxc8 21. Bxb6 Rxb6
22. Nd5 Qh3 23. Nxb6 Qxg3+ 24. Qg2 Qxh4 25. Rxd6 Ng4 26. Rf4 Be5 27. Rxg4 hxg4
28. Rd3 Qe1+ 29. Qf1 Qxe4 30. Nd7 Bd4+ 31. Kh2 Rc8 32. Qd1 Kg7 33. Rxd4 Rh8+
34. Kg1 Rh1+ 35. Kf2 Qf5+ 36. Ke2 Qf3+ 37. Kd2 Rxd1# 0-1

[Event "Bayern-chTT (LL Sued)"]
[Site "Bayern 2008/09"]
[Date "2009.02.01"]
[Round "6.8"]
[White "Ebenhoech, Daniel"]
[Black "Pezerovic, Asim"]
[Result "1-0"]
[WhiteElo "2014"]
[BlackElo "1726"]
[PlyCount "77"]
[EventDate "2009.03.??"]
[EventType "team-tourn"]
[EventRounds "9"]
[WhiteTeam "Ingolstadt 1"]
[BlackTeam "Tegernsee 2"]

1. e4 c6 2. d4 d5 3. exd5 cxd5 4. Bd3 Nf6 5. c3 Nc6 6. Bf4 Bg4 7. Qb3 Qd7 8.
Nd2 e6 9. Ngf3 a6 10. O-O Bxf3 11. Nxf3 Be7 12. Rfe1 O-O 13. Ne5 Nxe5 14. dxe5
Nh5 15. Be3 g6 16. Bh6 Rfc8 17. Re3 Qc7 18. Rae1 b5 19. a3 Qd8 20. Be2 Ng7 21.
Bg4 Bg5 22. Bxg5 Qxg5 23. Rg3 Qe7 24. Qd1 Rc7 25. Qd2 Ne8 26. Qh6 Qf8 27. Qf4
Qg7 28. Be2 Rac8 29. h4 h6 30. h5 g5 31. Qe3 f5 32. exf6 Nxf6 33. Qxe6+ Kh8 34.
Qxa6 Re8 35. Re3 Rxe3 36. fxe3 Qe7 37. Bd3 Kg7 38. Qb6 Nxh5 39. Qg6+ 1-0

[Event "Bayern-chTT (LL Sued)"]
[Site "Bayern 2008/09"]
[Date "2009.02.01"]
[Round "6.1"]
[White "Umansky, Mikhail(52)"]
[Black "Unger, Michael(60)"]
[Result "1-0"]
[WhiteElo "2414"]
[BlackElo "2110"]
[PlyCount "65"]
[EventDate "2009.03.??"]
[EventType "team-tourn"]
[EventRounds "9"]
[WhiteTeam "Haunstetten 1"]
[BlackTeam "Sendling 1"]

1. d4 d5 2. c4 e6 3. Nf3 Nf6 4. g3 c6 5. Bg2 Bd6 6. O-O Nbd7 7. Qc2 O-O 8. Nbd2
Re8 9. b3 e5 10. cxd5 cxd5 11. dxe5 Nxe5 12. Bb2 Qe7 13. Nd4 g6 14. Rac1 Bd7
15. Qb1 Neg4 16. N4f3 Ne4 17. Nxe4 dxe4 18. Nd4 h5 19. h3 Nh6 20. Rc3 Nf5 21.
Nxf5 Bxf5 22. Qc1 Rad8 23. Rc4 Qe6 24. g4 hxg4 25. hxg4 Bxg4 26. Rxe4 Qf5 27.
Qc3 f6 28. Rxg4 Qxg4 29. Qxf6 Re7 30. Qh8+ Kf7 31. Qxd8 Qe6 32. Qh8 Be5 33.
Bxe5 1-0

[Event "Bayern-chTT (LL Sued)"]
[Site "Bayern 2008/09"]
[Date "2009.02.01"]
[Round "6.2"]
[White "Kuenzner, Franz"]
[Black "Schnelzer, Reinhold Dr"]
[Result "1-0"]
[WhiteElo "2278"]
[BlackElo "2215"]
[PlyCount "67"]
[EventDate "2009.03.??"]
[EventType "team-tourn"]
[EventRounds "9"]
[WhiteTeam "Sendling 1"]
[BlackTeam "Haunstetten 1"]

1. c4 c5 2. Nc3 Nc6 3. g3 g6 4. Bg2 Bg7 5. Nf3 e6 6. O-O Nge7 7. d3 O-O 8. Bd2
h6 9. Rc1 d6 10. a3 a6 11. Qc2 Rb8 12. Nd1 b6 13. b4 Nd4 14. Nxd4 cxd4 15. e4
dxe3 16. fxe3 Bb7 17. Bc3 Bxg2 18. Qxg2 Nf5 19. Bxg7 Kxg7 20. Qf2 d5 21. c5
bxc5 22. Rxc5 Rc8 23. Rxc8 Qxc8 24. e4 Nd6 25. exd5 Kh7 26. Ne3 f5 27. Qf4 Nb5
28. Qe5 Nc3 29. dxe6 Re8 30. Nxf5 gxf5 31. Qxf5+ Kh8 32. Qf6+ Kh7 33. Qf7+ Kh8
34. Rf6 1-0

[Event "Bayern-chTT (LL Sued)"]
[Site "Bayern 2008/09"]
[Date "2009.02.01"]
[Round "6.3"]
[White "Wolf, Armin(61)"]
[Black "Schamberger, Alfons"]
[Result "0-1"]
[WhiteElo "2129"]
[BlackElo "2162"]
[PlyCount "48"]
[EventDate "2009.03.??"]
[EventType "team-tourn"]
[EventRounds "9"]
[WhiteTeam "Haunstetten 1"]
[BlackTeam "Sendling 1"]

1. e4 c6 2. d4 d5 3. e5 Bf5 4. Be3 e6 5. Nd2 Be7 6. f4 f6 7. Ngf3 Nh6 8. h3 Bg6
9. g4 fxe5 10. fxe5 O-O 11. Be2 Qb6 12. Nb3 Nd7 13. O-O a5 14. a4 Be4 15. Qd2
c5 16. dxc5 Nxc5 17. Nbd4 Nf7 18. b3 Qc7 19. Bf4 Nh8 20. Nb5 Qd8 21. Nfd4 Ng6
22. Bd3 Rxf4 23. Rxf4 Bg5 24. Ne2 Bxd3 0-1

[Event "Bayern-chTT (LL Sued)"]
[Site "Bayern 2008/09"]
[Date "2009.02.01"]
[Round "6.4"]
[White "Nissen, Jens"]
[Black "Herb, Stefan"]
[Result "1/2-1/2"]
[WhiteElo "2106"]
[BlackElo "2029"]
[PlyCount "83"]
[EventDate "2009.03.??"]
[EventType "team-tourn"]
[EventRounds "9"]
[WhiteTeam "Sendling 1"]
[BlackTeam "Haunstetten 1"]

1. e4 e5 2. Bc4 Nf6 3. d3 Bc5 4. Nf3 d6 5. c3 Nc6 6. b4 Bb6 7. a4 a6 8. O-O h6
9. Be3 Bxe3 10. fxe3 O-O 11. Bb3 Be6 12. Bc2 d5 13. exd5 Nxd5 14. Qe1 Qd6 15.
Na3 Nb6 16. Qg3 f5 17. Nd2 f4 18. exf4 exf4 19. Qe1 Rae8 20. Ne4 Qd8 21. Rd1
Bg4 22. Rd2 Nd5 23. Bb3 Kh8 24. Bxd5 Qxd5 25. Qh4 Ne5 26. c4 Qd4+ 27. Qf2 Rd8
28. Re1 Nxd3 29. Qxd4 Rxd4 30. Nf2 Rfd8 31. Nc2 R4d7 32. Nxg4 Nxe1 33. Rxd7
Rxd7 34. Nxe1 Rd4 35. Ne5 Rd1 36. Kf2 a5 37. N1d3 Ra1 38. bxa5 Rxa4 39. Nxf4
Rxa5 40. Nfd3 b5 41. cxb5 Rxb5 42. h4 1/2-1/2

[Event "Bayern-chTT (LL Sued)"]
[Site "Bayern 2008/09"]
[Date "2009.02.01"]
[Round "6.5"]
[White "Rubke, Manfred"]
[Black "Altmann, Christoph"]
[Result "1-0"]
[WhiteElo "2107"]
[BlackElo "2056"]
[PlyCount "115"]
[EventDate "2009.03.??"]
[EventType "team-tourn"]
[EventRounds "9"]
[WhiteTeam "Haunstetten 1"]
[BlackTeam "Sendling 1"]

1. c4 c6 2. f4 d5 3. e3 Nf6 4. Nf3 Bg4 5. b3 e6 6. Bb2 Nbd7 7. Be2 Be7 8. O-O
O-O 9. Ne5 Bxe2 10. Qxe2 Ne8 11. d3 f6 12. Nxd7 Qxd7 13. Nd2 Nc7 14. Nf3 Bd6
15. Rf2 Qe7 16. d4 Ba3 17. c5 Bxb2 18. Qxb2 Ne8 19. b4 a6 20. a4 Nc7 21. g4 Qf7
22. Nh4 Rae8 23. Raf1 Qd7 24. h3 Rf7 25. Rf3 Ref8 26. Qh2 Qe7 27. Qg3 g6 28.
Ng2 Rg7 29. Ne1 h5 30. Kh2 Kf7 31. gxh5 gxh5 32. Qh4 Rh8 33. Rg1 Rxg1 34. Kxg1
f5 35. Qxe7+ Kxe7 36. Rg3 Rh7 37. Kf2 Ne8 38. Nd3 Nf6 39. Kf3 Nd7 40. Rg1 Kf8
41. b5 axb5 42. axb5 Rg7 43. bxc6 bxc6 44. Rg5 h4 45. Rxg7 Kxg7 46. Ke2 Kf7 47.
Kd2 Ke7 48. Kc3 Kd8 49. Ne1 Nf8 50. Nf3 Ng6 51. Kb4 Kc7 52. Ka5 Kb7 53. Ng5 Nf8
54. Nf7 Kc7 55. Ka6 Ng6 56. Ng5 e5 57. dxe5 d4 58. Ne6+ 1-0

[Event "Bayern-chTT (LL Sued)"]
[Site "Bayern 2008/09"]
[Date "2009.02.01"]
[Round "6.6"]
[White "Haas, Peter(68)"]
[Black "Urbach, Isaak"]
[Result "1/2-1/2"]
[WhiteElo "2039"]
[BlackElo "1917"]
[PlyCount "119"]
[EventDate "2009.03.??"]
[EventType "team-tourn"]
[EventRounds "9"]
[WhiteTeam "Sendling 1"]
[BlackTeam "Haunstetten 1"]

1. e4 g6 2. d4 Bg7 3. Nc3 c5 4. d5 d6 5. Nge2 Na6 6. Ng3 Nc7 7. Bd3 Bd7 8. a4
b6 9. O-O a6 10. Qe2 Bxc3 11. bxc3 b5 12. axb5 axb5 13. Rxa8 Qxa8 14. c4 bxc4
15. Bxc4 Nf6 16. Bh6 Ng4 17. Bg7 Rg8 18. Bc3 Ne5 19. Rb1 Nxc4 20. Qxc4 f6 21.
h4 Kf7 22. Qe2 Rb8 23. Ra1 Qb7 24. Qe3 Ra8 25. Rxa8 Qxa8 26. Qh6 Kg8 27. h5 Be8
28. hxg6 hxg6 29. Qc1 Qa4 30. Qb2 Nb5 31. f3 Nxc3 32. Qxc3 Bb5 33. Kf2 Qa2 34.
Qb3 Qxb3 35. cxb3 Kf7 36. Ke3 e6 37. Kd2 exd5 38. exd5 f5 39. f4 Ba6 40. Ke3
Bb7 41. b4 Bxd5 42. bxc5 dxc5 43. Kf2 Bc4 44. Kf3 Ke6 45. Ke3 Kd5 46. Nh1 Bb5
47. Nf2 Kc4 48. Nd3 Be8 49. g3 Kd5 50. Ne5 c4 51. Nf3 Kc5 52. Ne5 Kd5 53. Nf3
c3 54. Kd3 c2 55. Kxc2 Ke4 56. Ne5 Ke3 57. Kc3 Kf2 58. g4 Ke3 59. gxf5 gxf5 60.
Nc4+ 1/2-1/2

[Event "Bayern-chTT (LL Sued)"]
[Site "Bayern 2008/09"]
[Date "2009.02.01"]
[Round "6.7"]
[White "Weichlein, Paul"]
[Black "Stielfried, Martin"]
[Result "1/2-1/2"]
[WhiteElo "1771"]
[BlackElo "2145"]
[PlyCount "82"]
[EventDate "2009.03.??"]
[EventType "team-tourn"]
[EventRounds "9"]
[WhiteTeam "Haunstetten 1"]
[BlackTeam "Sendling 1"]

1. d4 d5 2. Nf3 c6 3. e3 Bg4 4. h3 Bxf3 5. gxf3 g6 6. e4 Bg7 7. c3 e6 8. Be3
Nd7 9. e5 f6 10. f4 Ne7 11. Bd3 Nf5 12. Bxf5 exf5 13. h4 Nf8 14. h5 Bh6 15.
hxg6 hxg6 16. Nd2 Ne6 17. Qb3 Qb6 18. c4 fxe5 19. cxd5 exf4 20. Qxb6 axb6 21.
dxe6 fxe3 22. fxe3 Ke7 23. Kf2 Kxe6 24. Nc4 b5 25. Ne5 Bg7 26. Nxg6 Rxh1 27.
Rxh1 Rxa2 28. Nf4+ Kf7 29. Nd3 Ra8 30. Nf4 Ra2 31. Nd3 Ra8 32. Rh5 Kf6 33. Ne5
Rh8 34. Rxh8 Bxh8 35. Kf3 Ke6 36. Nd3 b6 37. Kf4 Bg7 38. Kg5 c5 39. dxc5 bxc5
40. Nxc5+ Kd5 41. b4 Bf8 1/2-1/2

[Event "Bayern-chTT (LL Sued)"]
[Site "Bayern 2008/09"]
[Date "2009.02.01"]
[Round "6.8"]
[White "Klein, Stefan Dr(59)"]
[Black "Barskiy, Vitaliy"]
[Result "1-0"]
[WhiteElo "1977"]
[BlackElo "1832"]
[PlyCount "80"]
[EventDate "2009.03.??"]
[EventType "team-tourn"]
[EventRounds "9"]
[WhiteTeam "Sendling 1"]
[BlackTeam "Haunstetten 1"]

1. e4 c5 2. Nf3 Nc6 3. d4 cxd4 4. Nxd4 Nf6 5. Nc3 d6 6. Bg5 Ng4 7. Qd2 Qb6 8.
Nb3 h6 9. Nd5 Qd8 10. Bh4 g5 11. Bg3 Bg7 12. O-O-O O-O 13. h4 e6 14. Nc3 Qf6
15. hxg5 hxg5 16. Rh5 d5 17. Qxg5 d4 18. Nb5 e5 19. Be2 Qxg5+ 20. Rxg5 Nf6 21.
f3 Ne8 22. Na3 Be6 23. Bc4 Nc7 24. Rh5 a6 25. Nc5 b5 26. Bxe6 Nxe6 27. Nd7 Rfc8
28. Nb6 Nb4 29. Nxa8 Rxa8 30. Bxe5 Bxe5 31. Rxe5 Nxa2+ 32. Kb1 Nb4 33. g3 Kg7
34. Rh1 Nc6 35. Reh5 Kf6 36. f4 Ke7 37. b3 Rg8 38. R1h3 Kd6 39. Rh8 Rg7 40.
R8h7 Ke7 1-0

[Event "Bayern-chTT (LL Sued)"]
[Site "Bayern 2008/09"]
[Date "2009.02.01"]
[Round "6.1"]
[White "Lickleder, Andreas"]
[Black "Hausner, Ivan"]
[Result "0-1"]
[WhiteElo "2199"]
[BlackElo "2355"]
[PlyCount "96"]
[EventDate "2009.03.??"]
[EventType "team-tourn"]
[EventRounds "9"]
[WhiteTeam "München-Bayern 3"]
[BlackTeam "Weilheim 1"]

1. e4 c5 2. Nf3 d6 3. d4 cxd4 4. Nxd4 Nf6 5. Nc3 a6 6. Bc4 Nc6 7. O-O Bd7 8. a4
g6 9. Be3 Bg7 10. f3 O-O 11. Qd2 Rc8 12. Nxc6 Bxc6 13. Bb3 Nd7 14. Rfd1 Nc5 15.
Bc4 b5 16. axb5 axb5 17. Nxb5 Bxb5 18. Bxb5 Bxb2 19. Rab1 Bg7 20. Qb4 Qc7 21.
Qc4 Qa5 22. Kh1 Rc7 23. Bd2 Qa7 24. Be3 Qa3 25. Bc1 Qa8 26. Be3 Rfc8 27. Rd2
Qa5 28. Re2 Bc3 29. Bd4 Bxd4 30. Qxd4 Ne6 31. Qd1 Qc3 32. Rd2 Nc5 33. Bd3 Ra7
34. Qe1 Ra2 35. Rdd1 Qxe1+ 36. Rxe1 Nxd3 37. cxd3 Rcc2 38. Rg1 Rd2 39. Rbd1 e5
40. h4 Kg7 41. Kh2 Kf6 42. Kg3 Ke6 43. h5 Kf6 44. hxg6 hxg6 45. Kh4 Rxg2 46.
Rxg2 Rxg2 47. d4 exd4 48. Rxd4 Ke5 0-1

[Event "Bayern-chTT (LL Sued)"]
[Site "Bayern 2008/09"]
[Date "2009.02.01"]
[Round "6.2"]
[White "Bayer, Bernhard"]
[Black "Niebergall, Gerhard"]
[Result "1-0"]
[WhiteElo "2326"]
[BlackElo "2049"]
[PlyCount "119"]
[EventDate "2009.03.??"]
[EventType "team-tourn"]
[EventRounds "9"]
[WhiteTeam "Weilheim 1"]
[BlackTeam "München-Bayern 3"]

1. c4 c5 2. Nf3 Nc6 3. Nc3 e5 4. d3 g6 5. g3 Bg7 6. Bg2 Nge7 7. Nd2 d6 8. Nf1
O-O 9. Ne3 Rb8 10. O-O h6 11. Rb1 f5 12. a3 a5 13. Bd2 Kh7 14. Ned5 b6 15. b4
axb4 16. axb4 Be6 17. b5 Bxd5 18. Nxd5 Nd4 19. Ra1 Nxd5 20. Bxd5 Re8 21. e3 Ne6
22. Ra7 Nc7 23. Bg2 Re7 24. g4 Ne8 25. Rxe7 Qxe7 26. gxf5 gxf5 27. Bh3 Qg5+ 28.
Kh1 f4 29. exf4 exf4 30. Qf3 Be5 31. Rg1 Qf6 32. Qe4+ Kh8 33. Qg6 Qxg6 34. Rxg6
Ra8 35. Bf5 Ra2 36. Rxh6+ Kg8 37. Rg6+ Kf7 38. Be1 Ra1 39. Rg1 Nf6 40. Bd2 Ra2
41. Rd1 Ne8 42. Kg2 Kf6 43. Be4 Nc7 44. Kf3 Ne6 45. h4 Nd4+ 46. Kg4 Ne6 47. h5
Ra7 48. h6 Ra2 49. f3 Rb2 50. Bd5 Nc7 51. h7 Kg7 52. Rh1 Kh8 53. Bxf4 Bxf4 54.
Kxf4 Nxd5+ 55. cxd5 Rxb5 56. Kf5 Rb3 57. Ke6 Rxd3 58. Kxd6 Rxf3 59. Kc6 Rf6+
60. d6 1-0

[Event "Bayern-chTT (LL Sued)"]
[Site "Bayern 2008/09"]
[Date "2009.02.01"]
[Round "6.3"]
[White "Rajic, Ivica"]
[Black "De Francesco, Klaus"]
[Result "0-1"]
[WhiteElo "2090"]
[BlackElo "2237"]
[PlyCount "142"]
[EventDate "2009.03.??"]
[EventType "team-tourn"]
[EventRounds "9"]
[WhiteTeam "München-Bayern 3"]
[BlackTeam "Weilheim 1"]

1. d4 Nf6 2. Nf3 e6 3. g3 b5 4. Bg2 Bb7 5. O-O Be7 6. b3 O-O 7. Bb2 d6 8. Nbd2
b4 9. c4 bxc3 10. Bxc3 a5 11. Qc2 Nbd7 12. e4 Nb6 13. Rfe1 a4 14. Rad1 axb3 15.
axb3 Qb8 16. Nc4 Rc8 17. Na5 d5 18. Nxb7 Qxb7 19. Nd2 c5 20. dxc5 Bxc5 21. Qb2
Ba3 22. Qa1 Bb4 23. Bxb4 Rxa1 24. Rxa1 Nc4 25. Bc3 Nxd2 26. Bxd2 d4 27. b4 h5
28. h3 Rc2 29. Rad1 Nd7 30. e5 Qb8 31. Re4 Nxe5 32. Rxd4 Rc4 33. Bf4 Rxd4 34.
Rxd4 f6 35. Be3 Qb5 36. Rd8+ Kh7 37. Be4+ f5 38. Bg2 Qxb4 39. Re8 Qb3 40. Bf4
Ng6 41. Bg5 e5 42. Rd8 e4 43. h4 Qb1+ 44. Bf1 Ne5 45. Bf4 Ng4 46. Rd2 Qe1 47.
Re2 Qc3 48. Bh3 e3 49. f3 Qa1+ 50. Bf1 Ne5 51. Rxe3 Qd4 52. Kh2 Ng6 53. Bg5 f4
54. Re2 fxg3+ 55. Kxg3 Qd6+ 56. f4 Qd7 57. Rg2 Qg4+ 58. Kh2 Qf3 59. Be2 Qe3 60.
Bxh5 Nxf4 61. Bxf4 Qxf4+ 62. Kh3 Qe3+ 63. Rg3 Qe6+ 64. Bg4 Qe1 65. Bf5+ Kg8 66.
Bg6 Qe6+ 67. Kg2 Qe5 68. h5 Kf8 69. Kh3 Ke7 70. Rf3 Kd6 71. Kg4 Qe2 0-1

[Event "Bayern-chTT (LL Sued)"]
[Site "Bayern 2008/09"]
[Date "2009.02.01"]
[Round "6.4"]
[White "Lochte, Thomas"]
[Black "Kunze, Holger"]
[Result "1-0"]
[WhiteElo "2111"]
[BlackElo "2068"]
[PlyCount "43"]
[EventDate "2009.03.??"]
[EventType "team-tourn"]
[EventRounds "9"]
[WhiteTeam "Weilheim 1"]
[BlackTeam "München-Bayern 3"]

1. e4 c6 2. d4 d5 3. e5 c5 4. dxc5 e6 5. Be3 Nc6 6. Nf3 Nge7 7. Bb5 Bd7 8. Bxc6
Nxc6 9. O-O Be7 10. c4 dxc4 11. Nbd2 c3 12. bxc3 O-O 13. Ne4 Qc7 14. Bf4 Nb8
15. Qd3 h6 16. Qe3 Na6 17. Bxh6 Nxc5 18. Nf6+ gxf6 19. Qf4 Ne4 20. Qg4+ Ng5 21.
exf6 Bxf6 22. Nxg5 1-0

[Event "Bayern-chTT (LL Sued)"]
[Site "Bayern 2008/09"]
[Date "2009.02.01"]
[Round "6.5"]
[White "Klenk, Robert"]
[Black "Lisko, Frantisek"]
[Result "0-1"]
[WhiteElo "2086"]
[BlackElo "2198"]
[PlyCount "46"]
[EventDate "2009.03.??"]
[EventType "team-tourn"]
[EventRounds "9"]
[WhiteTeam "München-Bayern 3"]
[BlackTeam "Weilheim 1"]

1. d4 Nf6 2. c4 e6 3. Nc3 Bb4 4. Qc2 O-O 5. Bg5 c5 6. dxc5 Qa5 7. Bd2 Qxc5 8.
e3 Qh5 9. Nge2 b6 10. a3 Be7 11. Ng3 Qh4 12. Bd3 Bb7 13. Nce4 Ng4 14. f3 Ne5
15. Bc3 Nbc6 16. O-O f5 17. Nd2 Bc5 18. Rfe1 f4 19. Ngf1 fxe3 20. Ne4 e2+ 21.
Nxc5 exf1=Q+ 22. Bxf1 bxc5 23. Qb3 Nd4 0-1

[Event "Bayern-chTT (LL Sued)"]
[Site "Bayern 2008/09"]
[Date "2009.02.01"]
[Round "6.6"]
[White "Fuchs, Georg(80)"]
[Black "Loos, Stephan(66)"]
[Result "1-0"]
[WhiteElo "2209"]
[BlackElo "2005"]
[PlyCount "29"]
[EventDate "2009.03.??"]
[EventType "team-tourn"]
[EventRounds "9"]
[WhiteTeam "Weilheim 1"]
[BlackTeam "München-Bayern 3"]

1. e4 g6 2. d4 Bg7 3. Nf3 d6 4. Bc4 Nf6 5. Qe2 O-O 6. Bg5 Nfd7 7. h4 c5 8. h5
Nc6 9. hxg6 hxg6 10. e5 Nb6 11. dxc5 Nxc4 12. Qxc4 Qa5+ 13. Nbd2 Qxc5 14. Qh4
Nxe5 15. Qh7# 1-0

[Event "Bayern-chTT (LL Sued)"]
[Site "Bayern 2008/09"]
[Date "2009.02.01"]
[Round "6.7"]
[White "Juettner, Andreas"]
[Black "Erler, Herbert(46)"]
[Result "1-0"]
[WhiteElo "1948"]
[BlackElo "2020"]
[PlyCount "50"]
[EventDate "2009.03.??"]
[EventType "team-tourn"]
[EventRounds "9"]
[WhiteTeam "München-Bayern 3"]
[BlackTeam "Weilheim 1"]

1. c4 Nf6 2. g3 g6 3. Bg2 Bg7 4. Nc3 O-O 5. d3 d6 6. e4 e5 7. Nge2 Nc6 8. O-O
Nh5 9. Be3 f5 10. exf5 gxf5 11. f4 Nf6 12. Kh1 Ne7 13. Qd2 Ng6 14. Rae1 Bh6 15.
h3 Kh8 16. Nd5 Nh5 17. Bf3 Ng7 18. Bg2 Ne6 19. fxe5 Bxe3 20. Nxe3 dxe5 21. Nxf5
Nc5 22. Nh6 Be6 23. Rxf8+ Nxf8 24. Qe3 Ncd7 25. Rf1 Qe8 1-0